| 000 | 00539nam a2200205Ia 4500 | ||
|---|---|---|---|
| 003 | IIN | ||
| 005 | 20250826112947.0 | ||
| 008 | 231217s9999 xx 000 0 und d | ||
| 020 |
_cRs.550.00 _a9789354658938 |
||
| 040 |
_aIIN _bEnglish |
||
| 082 |
_a618.2 _bSWA |
||
| 100 | 1 | _aSwain, Dharitri | |
| 245 | 1 |
_aObstetrics Nursing Procedure Manual _cDharitri Swain |
|
| 250 | _a2nd ed | ||
| 260 |
_bJaypee _aNew Delhi _c2023 |
||
| 300 |
_axxiv, 446p. _bcol. ill. |
||
| 650 | 1 | _aObstetrics | |
| 650 | 1 | _aNursing Procedure | |
| 942 | _cBOOK | ||
| 999 |
_c1353 _d1353 |
||